Statistics for Countries Italy Invaded, Occupied or Fought

Click here to take the quiz!

General Stats

  • This quiz has been taken 422 times
  • The average score is 27 of 36

Answer Stats

Answer% Correct
France
98%
Germany
94%
Spain
94%
United Kingdom
94%
Austria
93%
Greece
92%
Albania
91%
Libya
90%
Croatia
87%
Egypt
87%
Ethiopia
87%
Russia
87%
Serbia
85%
United States
85%
Turkey
83%
Slovenia
82%
Eritrea
77%
Somalia
77%
Bosnia and Herzegovina
76%
Hungary
75%
Tunisia
75%
Switzerland
72%
Poland
66%
Kosovo
63%
Canada
62%
Sudan
62%
Ukraine
62%
China
60%
Malta
60%
Israel
57%
Australia
54%
Iraq
52%
Kenya
49%
Afghanistan
47%
Lebanon
47%
South Africa
30%

Score Distribution

Percentile by Number Answered

Percent of People with Each Score

Your Score History

You have not taken this quiz